Creating arcade games on your zx spectrum / (Record no. 180567)
[ view plain ]
| 000 -LEADER | |
|---|---|
| fixed length control field | 00694nam a2200229Ia 4500 |
| 003 - CONTROL NUMBER IDENTIFIER | |
| control field | OSt |
| 005 - DATE AND TIME OF LATEST TRANSACTION | |
| control field | 20230728140902.0 |
| 008 - FIXED-LENGTH DATA ELEMENTS--GENERAL INFORMATION | |
| fixed length control field | 210716s1983 xx 000 0 und d |
| 020 ## - INTERNATIONAL STANDARD BOOK NUMBER | |
| International Standard Book Number | 0907563287 |
| 040 ## - CATALOGING SOURCE | |
| Transcribing agency | AIMIT LIBRARY |
| 041 ## - LANGUAGE CODE | |
| Language code of text/sound track or separate title | eng |
| 082 ## - DEWEY DECIMAL CLASSIFICATION NUMBER | |
| Classification number | 005.101 |
| Edition number | 1 |
| Item number | HAYD |
| 100 ## - MAIN ENTRY--PERSONAL NAME | |
| Personal name | Haywood, Daniel. |
| 9 (RLIN) | 128825 |
| 245 ## - TITLE STATEMENT | |
| Title | Creating arcade games on your zx spectrum / |
| Statement of responsibility, etc. | By Haywood, Daniel. |
| 250 ## - EDITION STATEMENT | |
| Edition statement | 1st ed. |
| 260 ## - PUBLICATION, DISTRIBUTION, ETC. | |
| Place of publication, distribution, etc. | London : |
| Date of publication, distribution, etc. | 1983. |
| Name of publisher, distributor, etc. | Interface publications |
| 300 ## - PHYSICAL DESCRIPTION | |
| Extent | 158p. ; |
| Other physical details | PB |
| Dimensions | 21 cm. |
| 650 ## - SUBJECT ADDED ENTRY--TOPICAL TERM | |
| Topical term or geographic name entry element | User defined graphics |
| 9 (RLIN) | 128826 |
| 650 ## - SUBJECT ADDED ENTRY--TOPICAL TERM | |
| Topical term or geographic name entry element | Using logical operators |
| 9 (RLIN) | 128827 |
| 650 ## - SUBJECT ADDED ENTRY--TOPICAL TERM | |
| Topical term or geographic name entry element | Adding interest to games |
| 9 (RLIN) | 128828 |
| 942 ## - ADDED ENTRY ELEMENTS (KOHA) | |
| Source of classification or shelving scheme | Dewey Decimal Classification |
| Koha item type | Book |
| Edition | 1st ed. |
| Call number prefix | 005.101 HAYD |
| Withdrawn status | Lost status | Source of classification or shelving scheme | Damaged status | Not for loan | Collection code | Home library | Current library | Date acquired | Total Checkouts | Full call number | Barcode | Date last seen | Price effective from | Koha item type |
|---|---|---|---|---|---|---|---|---|---|---|---|---|---|---|
| Dewey Decimal Classification | MCA | St Aloysius Institute of Management & Information Technology | St Aloysius Institute of Management & Information Technology | 07/16/2021 | 005.101 HAYD | MCA00075 | 07/21/2025 | 07/16/2021 | Book |